Statistics for Song Lyrics Rammstein - Dicke Titten

Click here to take the quiz!

General Stats

  • This quiz has been taken 23 times
  • The average score is 114 of 189

Answer Stats

Answer% Correct
Dicke
94%
Titten
94%
Ich
88%
ich
88%
da
82%
Sie
82%
sie
82%
Das
76%
das
76%
der
76%
Ein
76%
Muss
76%
muss
76%
nicht
76%
sein
76%
bin
71%
kein
71%
Kein
71%
mit
71%
Alltag
65%
Die
65%
die
65%
Doch
65%
Eine
65%
eine
65%
Jahre
65%
Model
65%
Nein,
65%
Nein
65%
reich
65%
schön
65%
schon
65%
Und
65%
und
65%
viele
65%
alleine
59%
bitte
59%
bitte,
59%
dicken
59%
Frau
59%
Glück
59%
grau
59%
klug
59%
nur
59%
stumpf,
59%
will
59%
An
53%
finden
53%
gerne
53%
Haare
53%
hätte
53%
in
53%
ist
53%
langen
53%
leb
53%
mich
53%
Partnerin
53%
schwinden
53%
toll
53%
zu
53%
auch
47%
Blut
47%
braucht
47%
Braucht
47%
Brüste
47%
Fettgewebe
47%
gut
47%
haben
47%
Hunde
47%
kleine
47%
küssen
47%
laben
47%
Leben
47%
mir
47%
Schritten
47%
Sicht
47%
Trauben
47%
Am
41%
Aus
41%
Ende
41%
gar
41%
Geschicht
41%
große
41%
Hoffnung
41%
tropft
41%
um
41%
Verstand
41%
wäre
41%
wären
41%
Wunde
41%
anspruchsvoll
35%
bitten
35%
ebenbürtig
35%
eines
35%
feines
35%
Geduld,
35%
möchte
35%
Riesentitten
35%
Seele
35%
Verlier
35%
Wie
35%
wird
35%
bei
29%
Einzig
29%
Fräulein
29%
nichts
29%
offene
29%
sind
29%
stetig
29%
Trost
29%
vermissen
29%
wählerisch
29%

Score Distribution

Percentile by Number Answered

Percent of People with Each Score

Your Score History

You have not taken this quiz